[Event "FRA-chT2 Nord 0708"]
[Site "France"]
[Date "2007.11.25"]
[Round "3.8"]
[White "Venkatesan, Valerie"]
[Black "Saglier, Paul"]
[Result "0-1"]
[WhiteElo "1299"]
[BlackElo "1881"]
[PlyCount "62"]
[EventDate "2007.10.21"]
[EventType "team"]
[EventRounds "11"]
[EventCountry "FRA"]
[SourceTitle "EXT 2009"]
[Source "ChessBase"]
[SourceDate "2008.11.26"]
[SourceVersion "1"]
[SourceVersionDate "2008.11.26"]
[SourceQuality "1"]
[WhiteTeam "Arcueil"]
[BlackTeam "Le Vesinet"]
[WhiteTeamCountry "FRA"]
[BlackTeamCountry "FRA"]

1. e4 c5 2. d4 cxd4 3. Qxd4 Nc6 4. Qe3 Nf6 5. Nc3 e6 6. Bd2 Be7 7. 0-0-0 0-0 8. f4 d5 9. Qe2 Bb4 10. e5 Bxc3 11. Bxc3 Ne4 12. Be1 Bd7 13. Nf3 Rc8 14. h4 b5 15. Ng5 Nc5 16. Qh5 h6 17. g4 Be8 18. f5 f6 19. Qxh6 gxh6 20. Nf3 fxe5 21. Rg1 e4 22. Nh2 exf5 23. g5 h5 24. Bxb5 Ne5 25. Be2 Ncd3+ 26. Kb1 Nxb2 27. Kxb2 Qb6+ 28. Kc1 Rxc2+ 29. Kxc2 Ba4+ 30. Kc1 Rc8+ 31. Kd2 Rc2# 0-1